The Muhammad Ali Quiz - Statistics

General Stats
  • This quiz has been taken 106 times
  • The average score is 14 of 20
Answer Stats
Hint Answer % Correct
Birth name Cassius Clay
98%
Converted to this religion in the early 60s Islam
88%
Disease he got diagnosed with in 1984 Parkinson's syndrome
87%
His home town Louisville
85%
His opponent in "The Rumble in the Jungle" George Foreman
83%
He took the heavyweight title from this boxer in 1964 Sonny Liston
83%
Actor that played him in the 2001 film "Ali" Will Smith
83%
Nickname of his third fight with Joe Frazier Thrilla in Manila
82%
Strategy in which he laid against the ropes and allowed to be hit Rope-a-dope
79%
In 1966, he refused to partake in this event Vietnam War
77%
First fighter he lost a match to Joe Frazier
73%
City where he won a gold medal in 1960 Rome
69%
Nickname of famous footwork movement Ali Shuffle
68%
Probably his most famous catchphrase Float like a butterfly, sting like a bee
63%
Nickname of his first fight with Joe Frazier Fight of the Century
58%
Name of his boxing daughter Layla Ali
58%
Well-known sports journalist that was his friend Howard Cosell
57%
City where "The Rumble in the Jungle" took place Kinshasa
55%
Person that was his first spiritual and religious mentor Malcolm X
52%
City where he passed away in 2016 Scottsdale
20%
No matching quizzes found
Score Distribution
Percent of People with Each Score
Percentile by Number Answered
Your Score History
You have not taken this quiz